[Event "TCh-TUR Super League 2014"]
[Site "Kocaeli TUR"]
[Date "2014.08.25"]
[Round "8.2"]
[Board "8"]
[White "Kaplan, Ebru"]
[Black "Abdimanoglu, Beste Basak"]
[Result "0-1"]
[WhiteElo "1882"]
[BlackElo "1872"]
[WhiteTeam "Tarsus Zeka Satranc Kulubu"]
[BlackTeam "Hatay Buyuksehir Belediye Genclik VE Spor Kulubu"]
[WhiteFideId "6315194"]
[BlackFideId "6300286"]
[EventDate "2014.08.18"]

1. e4 d6 2. d4 g6 3. Nc3 Bg7 4. f4 a6 5. Nf3 b5 6. a3 Bb7 7. Be3 Nf6 8. Bd3 Ng4
9. Bg1 e6 10. h3 Nf6 11. Qd2 Nbd7 12. O-O-O a5 13. Bxb5 Nxe4 14. Nxe4 Bxe4 15.
Qe2 Bxf3 16. Qxf3 O-O 17. h4 Rb8 18. Bxd7 Qxd7 19. Rd2 Qb5 20. c3 Rb7 21. g4
Rfb8 22. Rhh2 Qc4 23. Qd3 Qa2 24. Qb1 Qd5 25. Rh3 Qb3 26. h5 Qxa3 27. hxg6 hxg6
28. f5 a4 29. fxg6 f6 30. Bh2 Qb3 31. Qc2 Qa2 32. Qb1 Qc4 33. Kc2 Rb3 34. Qc1
Qb5 35. Kb1 a3 36. Rf2 axb2 37. Qe3 Qd5 38. Bxd6 Ra8 39. Rxb2 Rxb2+ 40. Kxb2
Ra2+ 41. Kc1 Ra1+ 42. Kc2 Qa2+ 43. Kd3 Rd1+ 44. Ke4 cxd6 45. Kf3 Qc4 46. Kg2
Qf1+ 47. Kh2 Re1 48. Rf3 Qh1+ 49. Kg3 Rxe3 0-1

[Event "TCh-TUR Super League 2014"]
[Site "Kocaeli TUR"]
[Date "2014.08.25"]
[Round "8.2"]
[Board "9"]
[White "Temizkan, Denizcan"]
[Black "Sevgi, Volkan"]
[Result "1-0"]
[WhiteTitle "CM"]
[BlackTitle "FM"]
[WhiteElo "1972"]
[BlackElo "2142"]
[WhiteTeam "Hatay Buyuksehir Belediye Genclik VE Spor Kulubu"]
[BlackTeam "Tarsus Zeka Satranc Kulubu"]
[WhiteFideId "6325157"]
[BlackFideId "6325335"]
[EventDate "2014.08.18"]

1. d4 d5 2. c4 e6 3. Nc3 Nf6 4. Bg5 Be7 5. Nf3 h6 6. Bh4 O-O 7. e3 b6 8. Be2 Bb7
9. O-O Nbd7 10. cxd5 exd5 11. Qc2 c5 12. Rfd1 Ne4 13. Bxe7 Qxe7 14. dxc5 Nxc3
15. Qxc3 bxc5 16. Rac1 d4 17. Qa3 Rfe8 18. Rc2 Qe4 19. Bd3 Qg4 20. h3 Qh5 21.
Be2 d3 22. Rxd3 Be4 23. Rxd7 Bxc2 24. Bc4 Rf8 25. Rd5 Qg6 26. Ne5 Qe4 27. f3 Qh4
28. Rd7 Bf5 29. Bxf7+ Kh7 30. Qc3 Qf6 31. Rc7 Rad8 32. Bb3 c4 33. Rxc4 Rc8 34.
Nc6 Qg5 35. Bc2 Rf6 36. f4 Qg3 37. Bxf5+ Rxf5 38. Qd3 Rf8 39. Nd4 Qe1+ 40. Kh2
Qa5 41. g4 Qe1 42. Rc2 1-0

[Event "TCh-TUR Super League 2014"]
[Site "Kocaeli TUR"]
[Date "2014.08.25"]
[Round "8.2"]
[Board "10"]
[White "Ayazmali, Gizem"]
[Black "Keskin, Suara"]
[Result "1-0"]
[WhiteElo "1648"]
[BlackElo "1674"]
[WhiteTeam "Tarsus Zeka Satranc Kulubu"]
[BlackTeam "Hatay Buyuksehir Belediye Genclik VE Spor Kulubu"]
[WhiteFideId "6336590"]
[BlackFideId "6332650"]
[EventDate "2014.08.18"]

1. e4 d6 2. d4 g6 3. g3 Bg7 4. Bg2 Nc6 5. Ne2 e5 6. Be3 Nf6 7. h3 O-O 8. Nbc3
Re8 9. O-O Nh5 10. d5 Ne7 11. g4 Nf6 12. f4 h5 13. fxe5 dxe5 14. Bg5 hxg4 15.
Bxf6 Bxf6 16. Rxf6 Nf5 17. Rxf5 gxf5 18. exf5 gxh3 19. Bxh3 Bxf5 20. Bxf5 Qg5+
21. Kh1 Qxf5 22. Qg1+ Qg6 23. Ne4 Kg7 24. Qxg6+ fxg6 25. Ng5 Rh8+ 26. Kg2 Kf6
27. Ne6 Rac8 28. Ng3 c6 29. Ne4+ Ke7 30. c4 cxd5 31. cxd5 Rc2+ 32. Kg3 Rc4 33.
N6g5 Rd4 34. d6+ Kd7 35. Rc1 Rc8 36. Nf6+ Kxd6 37. Rxc8 Rd3+ 38. Kf2 Rd2+ 39.
Ke3 Rxb2 40. Nge4+ Ke6 41. Re8+ Kf5 42. Nd7 Rxa2 43. Rxe5+ Kg4 44. Rg5+ Kh4 45.
Ne5 Ra3+ 46. Kf4 Ra4 47. Nf3+ 1-0

[Event "TCh-TUR Super League 2014"]
[Site "Kocaeli TUR"]
[Date "2014.08.25"]
[Round "8.3"]
[Board "2"]
[White "Solak, Dragan"]
[Black "Benidze, Davit"]
[Result "1-0"]
[WhiteTitle "GM"]
[BlackTitle "GM"]
[WhiteElo "2632"]
[BlackElo "2458"]
[WhiteTeam "Besiktas Jimnastik Kulubu"]
[BlackTeam "Kahramanmaras Buyuksehir Belediyesi Spor Kulubu"]
[WhiteFideId "916811"]
[BlackFideId "13603086"]
[EventDate "2014.08.18"]

1. e4 c5 2. Nf3 Nc6 3. d4 cxd4 4. Nxd4 Qb6 5. Nb3 Nf6 6. Nc3 e6 7. Be3 Qc7 8.
Bd3 d6 9. f4 Be7 10. Qf3 a6 11. O-O-O Nb4 12. Kb1 b5 13. g4 Bb7 14. g5 Nd7 15.
Qh3 Nxd3 16. cxd3 b4 17. Ne2 e5 18. Ng3 exf4 19. Rc1 Qd8 20. Nf5 fxe3 21. Nxg7+
Kf8 22. Ne6+ fxe6 23. Rcf1+ Bf6 24. Nd4 Nc5 25. Rxf6+ Kg8 26. Rhf1 Qe7 27. g6
Nxe4 28. dxe4 e5 29. Qg2 1-0

[Event "TCh-TUR Super League 2014"]
[Site "Kocaeli TUR"]
[Date "2014.08.25"]
[Round "8.3"]
[Board "3"]
[White "Dastan, Muhammed Batuhan"]
[Black "Mamedov, Rauf"]
[Result "0-1"]
[WhiteTitle "IM"]
[BlackTitle "GM"]
[WhiteElo "2432"]
[BlackElo "2659"]
[WhiteTeam "Kahramanmaras Buyuksehir Belediyesi Spor Kulubu"]
[BlackTeam "Besiktas Jimnastik Kulubu"]
[WhiteFideId "6300014"]
[BlackFideId "13401653"]
[EventDate "2014.08.18"]

1. e4 d5 2. exd5 Qxd5 3. Nc3 Qd6 4. d4 Nf6 5. Nf3 g6 6. Nb5 Qd8 7. Bf4 Na6 8. c4
Bg7 9. Be5 O-O 10. Be2 Bh6 11. O-O c6 12. Nc3 Nc7 13. Qb3 Ne6 14. d5 Nf4 15.
Rad1 Qa5 16. Bxf6 exf6 17. d6 Rd8 18. Rfe1 Ne6 19. Ne4 Bg7 20. c5 b6 21. Bc4 Bd7
22. cxb6 axb6 23. Qc3 Qxc3 24. Nxc3 b5 25. Bb3 c5 26. Bd5 Ra6 27. Ne4 c4 28. b3
f5 29. Neg5 Bf6 30. Nxe6 fxe6 31. Bxe6+ Bxe6 32. Rxe6 Kf7 33. Re2 c3 34. d7 Ra7
35. Kf1 Raxd7 36. Rxd7+ Rxd7 37. Rc2 Ke6 38. Ke2 Kd5 39. Ne1 Ke4 40. a4 bxa4 41.
bxa4 Kd4 42. a5 Kc4 43. a6 Kb3 44. Rc1 Rd2+ 45. Kf3 Ra2 46. Rb1+ Kc4 47. Rb7 Bd4
48. Rxh7 Rxf2+ 49. Kg3 Ra2 50. Rc7+ Bc5 51. a7 Rxa7 52. Rxa7 Bxa7 53. Kf3 Kb3
54. h3 Bb6 55. h4 Bd8 56. g3 Be7 57. Kf4 Bd6+ 58. Kf3 Bf8 59. Ke3 c2 60. Nxc2
Kxc2 61. Kf4 Kd3 62. Ke5 Ke3 63. h5 Kf3 0-1

[Event "TCh-TUR Super League 2014"]
[Site "Kocaeli TUR"]
[Date "2014.08.25"]
[Round "8.3"]
[Board "4"]
[White "Atakisi, Umut"]
[Black "Isik, Engin Yasar"]
[Result "1-0"]
[WhiteTitle "IM"]
[WhiteElo "2343"]
[BlackElo "2232"]
[WhiteTeam "Besiktas Jimnastik Kulubu"]
[BlackTeam "Kahramanmaras Buyuksehir Belediyesi Spor Kulubu"]
[WhiteFideId "6301037"]
[BlackFideId "6301886"]
[EventDate "2014.08.18"]

1. e4 c5 2. Nf3 d6 3. Bb5+ Nd7 4. O-O a6 5. Bd3 Ngf6 6. Re1 b5 7. a4 c4 8. Bf1
Bb7 9. d3 e6 10. dxc4 bxc4 11. Nc3 Rc8 12. Bf4 e5 13. Bg5 Rc5 14. Nd2 Qc8 15.
Qe2 h6 16. Bxf6 Nxf6 17. Nxc4 Be7 18. b4 Rc7 19. Nb6 Qe6 20. Ncd5 Nxd5 21. Nxd5
Bxd5 22. exd5 Qxd5 23. Qxa6 O-O 24. c4 Qd2 25. b5 Rc5 26. a5 e4 27. Rad1 Qc2 28.
Qb7 Re5 29. a6 Bg5 30. a7 e3 31. fxe3 Bxe3+ 32. Rxe3 Qxd1 33. Rxe5 Qd4+ 34. Kh1
Qf2 35. Qf3 1-0

[Event "TCh-TUR Super League 2014"]
[Site "Kocaeli TUR"]
[Date "2014.08.25"]
[Round "8.3"]
[Board "5"]
[White "Erden, Kadir"]
[Black "Arat, Ufuk Sezen"]
[Result "1-0"]
[WhiteElo "2220"]
[BlackElo "2189"]
[WhiteTeam "Kahramanmaras Buyuksehir Belediyesi Spor Kulubu"]
[BlackTeam "Besiktas Jimnastik Kulubu"]
[WhiteFideId "6305776"]
[BlackFideId "6309089"]
[EventDate "2014.08.18"]

1. d4 g6 2. c4 Bg7 3. Nf3 Nf6 4. g3 O-O 5. Bg2 d6 6. O-O Nbd7 7. Qc2 e5 8. Rd1
Re8 9. Nc3 exd4 10. Nxd4 Nc5 11. h3 Bd7 12. e4 Qe7 13. Bg5 c6 14. Nb3 Ne6 15.
Be3 c5 16. Qd2 Bf8 17. Re1 Rab8 18. Nd5 Nxd5 19. exd5 Ng7 20. Bg5 1-0

[Event "TCh-TUR Super League 2014"]
[Site "Kocaeli TUR"]
[Date "2014.08.25"]
[Round "8.3"]
[Board "6"]
[White "Ozturk, Kubra"]
[Black "Isgandarova, Khayala"]
[Result "1/2-1/2"]
[WhiteTitle "WGM"]
[BlackTitle "WIM"]
[WhiteElo "2291"]
[BlackElo "2190"]
[WhiteTeam "Besiktas Jimnastik Kulubu"]
[BlackTeam "Kahramanmaras Buyuksehir Belediyesi Spor Kulubu"]
[WhiteFideId "6302599"]
[BlackFideId "13401823"]
[EventDate "2014.08.18"]

1. d4 d5 2. c4 e6 3. Nf3 Nf6 4. Nc3 dxc4 5. e3 c5 6. Bxc4 a6 7. a4 Nc6 8. O-O
Be7 9. Qe2 cxd4 10. Rd1 e5 11. exd4 exd4 12. Nxd4 Nxd4 13. Qe5 Qd6 14. Qxd4 Qxd4
15. Rxd4 Bc5 16. Rd1 O-O 17. h3 Be6 18. Bxe6 fxe6 19. Be3 Bxe3 1/2-1/2

[Event "TCh-TUR Super League 2014"]
[Site "Kocaeli TUR"]
[Date "2014.08.25"]
[Round "8.3"]
[Board "7"]
[White "Javakhadze, Zurab"]
[Black "Fedoseev, Vladimir3"]
[Result "1/2-1/2"]
[WhiteTitle "IM"]
[BlackTitle "GM"]
[WhiteElo "2423"]
[BlackElo "2672"]
[WhiteTeam "Kahramanmaras Buyuksehir Belediyesi Spor Kulubu"]
[BlackTeam "Besiktas Jimnastik Kulubu"]
[WhiteFideId "13603647"]
[BlackFideId "24130737"]
[EventDate "2014.08.18"]

1. Nf3 d5 2. g3 Nc6 3. d4 Bf5 4. Bg2 e6 5. O-O Nf6 6. c4 Nb4 7. Nc3 Be7 8. Ne5
c6 9. a3 Na6 10. b4 Nc7 11. Qb3 O-O 12. Rd1 Ne4 13. Nxe4 Bxe4 14. f3 Bg6 15. e4
Bh5 16. g4 Bg6 17. Nxg6 hxg6 18. f4 g5 19. fxg5 Bxg5 20. Bxg5 Qxg5 21. Qg3 Rac8
22. Rac1 Rfe8 23. cxd5 exd5 24. h4 Qg6 25. e5 Ne6 26. Rc3 f6 27. exf6 Qxf6 28.
g5 Qf4 29. Bh3 Qxg3+ 30. Rxg3 Rcd8 31. Bf5 Nc7 32. h5 Re7 33. Kg2 Nb5 34. Rf3
Re2+ 35. Kh3 Nd6 36. Rdf1 Rde8 37. Bg6 R8e3 38. Kh4 Rxf3 39. Rxf3 Rh2+ 40. Kg3
Re2 41. Kg4 Rg2+ 42. Kf4 Re2 43. h6 Re6 44. h7+ Kh8 45. Bf5 Re8 46. g6 Rf8 47.
Kg4 Nb5 48. Re3 Nxd4 49. Bd3 b6 50. Re7 c5 51. bxc5 bxc5 52. Rd7 c4 53. Rxd5
cxd3 54. Rxd4 a5 55. Rxd3 a4 56. Rd4 Rf4+ 57. Kxf4 1/2-1/2

[Event "TCh-TUR Super League 2014"]
[Site "Kocaeli TUR"]
[Date "2014.08.25"]
[Round "8.3"]
[Board "8"]
[White "Soylemez, Cansu"]
[Black "Cemhan, Kardelen"]
[Result "1/2-1/2"]
[BlackTitle "WCM"]
[WhiteElo "1919"]
[BlackElo "2019"]
[WhiteTeam "Besiktas Jimnastik Kulubu"]
[BlackTeam "Kahramanmaras Buyuksehir Belediyesi Spor Kulubu"]
[WhiteFideId "6315429"]
[BlackFideId "6325670"]
[EventDate "2014.08.18"]

1. d4 f5 2. Nf3 Nf6 3. g3 g6 4. Bg2 Bg7 5. O-O O-O 6. c4 d6 7. Nc3 Qe8 8. Qc2 e5
9. dxe5 dxe5 10. e4 Nc6 11. Bg5 Nxe4 12. Nxe4 fxe4 13. Qxe4 Bf5 14. Qd5+ Be6 15.
Qe4 Qf7 16. Rac1 Bf5 17. Qd5 h6 18. Qxf7+ Rxf7 19. Be3 Be4 20. Nd2 Bxg2 21. Kxg2
Nd4 22. Ne4 Rd8 23. Rfd1 b6 24. c5 Kh7 25. Rc3 Rfd7 26. Rcd3 a5 27. cxb6 cxb6
28. h4 Re7 29. Nc3 Rf8 30. Nd5 Re6 31. Bxd4 exd4 32. Nf4 Rd6 33. Re1 g5 34. Re6
Rf6 35. Rxd6 Rxd6 36. hxg5 hxg5 37. Nh5 Bh8 38. g4 Rc6 39. Rd2 d3 40. Rxd3 Bxb2
41. Rd5 Kg6 42. Ng3 Bc1 43. Rb5 Bf4 44. Nf5 Re6 45. Kf3 Bc7 46. Rd5 Kf6 47. Rd7
Bf4 48. Rd5 Rc6 49. Rb5 Bc7 50. Ne3 Kg6 51. Ke4 Re6+ 52. Kf3 Rc6 53. Ke4 Re6+
54. Kf3 Rc6 1/2-1/2

[Event "TCh-TUR Super League 2014"]
[Site "Kocaeli TUR"]
[Date "2014.08.25"]
[Round "8.3"]
[Board "9"]
[White "Yaran, Siar"]
[Black "Ozcan, Bora"]
[Result "1-0"]
[WhiteTitle "CM"]
[WhiteElo "2041"]
[BlackElo "1786"]
[WhiteTeam "Kahramanmaras Buyuksehir Belediyesi Spor Kulubu"]
[BlackTeam "Besiktas Jimnastik Kulubu"]
[WhiteFideId "6323006"]
[BlackFideId "6335438"]
[EventDate "2014.08.18"]

1. c4 c5 2. Nc3 g6 3. g3 Bg7 4. Bg2 Nc6 5. Nf3 Nf6 6. d4 cxd4 7. Nxd4 Nxd4 8.
Qxd4 O-O 9. O-O d6 10. Qd3 a6 11. Rd1 Nd7 12. b3 Rb8 13. Bb2 Ne5 14. Qd2 Be6 15.
Rac1 b5 16. cxb5 axb5 17. Nd5 Bxd5 18. Bxd5 e6 19. Bg2 d5 20. Bd4 Ng4 21. Bxg7
Kxg7 22. e4 Nf6 23. exd5 Nxd5 24. Bxd5 exd5 25. Qxd5 Qxd5 26. Rxd5 Ra8 27. Rc2
Ra3 28. Kf1 Rfa8 29. Rdd2 R3a6 30. Ke1 h5 31. h4 Kf6 32. Kd1 g5 33. hxg5+ Kxg5
34. Kc1 f5 35. Kb1 b4 36. Rc5 Re8 37. Rb5 Re4 38. f3 Re3 39. Rf2 h4 40. gxh4+
Kxh4 41. Rxf5 Kg3 42. Rd2 Rxf3 43. Rxf3+ Kxf3 44. Rd4 Rb6 45. Kb2 Ke3 46. Rh4
Kd3 47. a3 bxa3+ 48. Kxa3 Kc3 49. Rc4+ Kd3 50. Rc5 Kd4 51. b4 Rb8 52. Kb3 Ra8
53. Rh5 Rb8 54. b5 Rb7 55. Kb4 Rb8 56. Rg5 Rb7 57. Ka5 Rh7 58. Ka6 Rh1 59. b6
Rb1 60. b7 1-0

[Event "TCh-TUR Super League 2014"]
[Site "Kocaeli TUR"]
[Date "2014.08.25"]
[Round "8.3"]
[Board "10"]
[White "Arda, Cagil Irmak"]
[Black "Dogan, Sevval"]
[Result "1-0"]
[WhiteTitle "WCM"]
[WhiteElo "1872"]
[BlackElo "1651"]
[WhiteTeam "Besiktas Jimnastik Kulubu"]
[BlackTeam "Kahramanmaras Buyuksehir Belediyesi Spor Kulubu"]
[WhiteFideId "6351700"]
[BlackFideId "6322565"]
[EventDate "2014.08.18"]

1. e4 c5 2. Nf3 g6 3. d4 cxd4 4. Qxd4 Nf6 5. e5 Nc6 6. Qa4 Nd5 7. Qe4 Nc7 8. Nc3
Bg7 9. Bf4 O-O 10. O-O-O Ne6 11. Be3 Qa5 12. Rd5 Qb4 13. Bc4 Na5 14. Nd2 f5 15.
exf6 Nxc4 16. Rb5 Qxb5 17. Nxb5 Nxd2 18. Bxd2 Bxf6 19. f4 d6 20. h4 Nc5 21. Qf3
h5 22. Bc3 Bxc3 23. Nxc3 Bg4 24. Qd5+ Kh7 25. b4 Nd7 26. Re1 Rae8 27. Qxb7 Rxf4
28. Nd5 Rf7 29. Qxa7 Ne5 30. b5 Kg7 31. b6 e6 32. Nc7 Ree7 33. Qa3 d5 34. Rxe5 1-0

[Event "TCh-TUR Super League 2014"]
[Site "Kocaeli TUR"]
[Date "2014.08.25"]
[Round "8.4"]
[Board "1"]
[White "Grachev, Boris"]
[Black "Dubov, Daniil"]
[Result "1/2-1/2"]
[WhiteTitle "GM"]
[BlackTitle "GM"]
[WhiteElo "2672"]
[BlackElo "2614"]
[WhiteTeam "Akdeniz Belediyesi Spor Kulubu"]
[BlackTeam "Ankara Demirspor Kulubu"]
[WhiteFideId "4129199"]
[BlackFideId "24126055"]
[EventDate "2014.08.18"]

1. d4 Nf6 2. c4 g6 3. Nf3 Bg7 4. g3 c6 5. Bg2 d5 6. cxd5 cxd5 7. O-O O-O 8. Ne5
Ng4 9. Nxg4 Bxg4 10. Nc3 Nc6 11. h3 Be6 12. e4 Nxd4 13. exd5 Bf5 14. Bg5 Qb6 15.
Be3 e5 16. dxe6 Bxe6 17. Nd5 Bxd5 18. Bxd5 Rad8 19. Bxd4 Bxd4 20. Qf3 Qxb2 1/2-1/2

[Event "TCh-TUR Super League 2014"]
[Site "Kocaeli TUR"]
[Date "2014.08.25"]
[Round "8.4"]
[Board "2"]
[White "Onischuk, Vladimir"]
[Black "Filippov, Anton UZB"]
[Result "1/2-1/2"]
[WhiteTitle "GM"]
[BlackTitle "GM"]
[WhiteElo "2593"]
[BlackElo "2615"]
[WhiteTeam "Ankara Demirspor Kulubu"]
[BlackTeam "Akdeniz Belediyesi Spor Kulubu"]
[WhiteFideId "14114038"]
[BlackFideId "14200988"]
[EventDate "2014.08.18"]

1. d4 d5 2. Nf3 e6 3. c4 dxc4 4. Qa4+ Nd7 5. Nc3 a6 6. Bf4 Bd6 7. Bxd6 cxd6 8.
Qxc4 d5 9. Qb3 Ngf6 10. e3 O-O 11. Bd3 b6 12. O-O Bb7 13. Rfc1 Qb8 14. h3 Rc8
15. a4 Qd6 16. Rc2 Rc6 17. a5 b5 18. Rac1 Rac8 19. Na2 Rxc2 20. Rxc2 Rxc2 21.
Qxc2 g6 22. Qc3 Nb8 23. Ne5 Nfd7 24. Nxd7 Nxd7 25. Nc1 Qc6 26. Qxc6 Bxc6 27. Kf1
Kf8 28. f4 Ke7 29. g4 f6 30. Ke1 e5 31. h4 e4 32. Be2 h6 33. Na2 Kd6 34. Kf2 g5
35. Kg3 1/2-1/2

[Event "TCh-TUR Super League 2014"]
[Site "Kocaeli TUR"]
[Date "2014.08.25"]
[Round "8.4"]
[Board "3"]
[White "Annaberdiev, Meilis"]
[Black "Baklan, Vladimir"]
[Result "1/2-1/2"]
[WhiteTitle "IM"]
[BlackTitle "GM"]
[WhiteElo "2439"]
[BlackElo "2655"]
[WhiteTeam "Akdeniz Belediyesi Spor Kulubu"]
[BlackTeam "Ankara Demirspor Kulubu"]
[WhiteFideId "14000563"]
[BlackFideId "14102196"]
[EventDate "2014.08.18"]

1. e4 c5 2. Nf3 d6 3. d4 cxd4 4. Nxd4 Nf6 5. Nc3 Nc6 6. Bc4 Bd7 7. Bb3 e6 8. Be3
Be7 9. Qe2 Rc8 10. f3 a6 11. Nxc6 Bxc6 12. O-O-O Qc7 13. Bd4 O-O 14. Kb1 b5 15.
a3 Rfe8 16. f4 Qb7 17. e5 dxe5 18. fxe5 Ne4 19. Rhf1 Bc5 20. Nxe4 Bxe4 21. Rf4
Bg6 22. h4 h6 23. h5 Bh7 24. Qf2 Red8 25. Rd2 Qc7 26. Ka1 Bxd4 27. Rfxd4 Rxd4
28. Qxd4 a5 29. a4 b4 30. g4 Kh8 31. Qf4 Qe7 32. Ka2 Qg5 33. Qd4 Be4 34. Rf2
Qxg4 35. Rxf7 Bf5 36. Qd7 Rg8 37. Rxf5 Qxf5 38. Bxe6 Qxe5 39. Bxg8 Kxg8 40. Qb5 1/2-1/2

[Event "TCh-TUR Super League 2014"]
[Site "Kocaeli TUR"]
[Date "2014.08.25"]
[Round "8.4"]
[Board "4"]
[White "Keler, Faruk"]
[Black "Annaberdiyev, Babageldi"]
[Result "1-0"]
[BlackTitle "FM"]
[WhiteElo "2242"]
[BlackElo "2238"]
[WhiteTeam "Ankara Demirspor Kulubu"]
[BlackTeam "Akdeniz Belediyesi Spor Kulubu"]
[WhiteFideId "6302734"]
[BlackFideId "14000385"]
[EventDate "2014.08.18"]

1. d4 Nf6 2. c4 g6 3. g3 c5 4. d5 Bg7 5. Nc3 d6 6. Bg2 O-O 7. Nf3 a6 8. a4 a5 9.
O-O Na6 10. h3 Nb4 11. e4 Nd7 12. Re1 b6 13. Bf4 Ba6 14. Bf1 f6 15. Nb5 Ne5 16.
Nh2 Nf7 17. Bd2 Bc8 18. Bc3 Bd7 19. h4 Re8 20. Be2 e5 21. dxe6 Bxe6 22. b3 Qe7
23. Bg4 Rac8 24. Rb1 h5 25. Bxe6 Qxe6 26. Nf1 f5 27. exf5 Qxf5 28. Bxg7 Kxg7 29.
Ne3 Qf6 30. Kg2 Re6 31. Qf3 Qxf3+ 32. Kxf3 Rf8 33. Kg2 Nd3 34. Nf5+ Kf6 35.
Rxe6+ Kxe6 36. Ne3 g5 37. hxg5 Nxg5 38. f4 Ne4 39. Nf1 h4 40. Rd1 Ndf2 41. Re1
hxg3 42. Nc7+ Kf7 43. Re3 Rg8 44. Nd5 Rg4 45. Nxg3 Nxg3 46. Rxg3 Rxg3+ 47. Kxg3
Ne4+ 48. Kg4 Nd2 49. Nxb6 Nxb3 50. Nc8 Nd2 51. Nb6 d5 52. cxd5 c4 53. d6 c3 54.
d7 Ke7 55. Nd5+ Kxd7 56. Nxc3 Nc4 57. Kf5 Kc6 58. Ke6 Nd6 59. Nd1 Ne4 60. Ke5
Ng3 61. Nc3 Nh5 62. f5 Kc5 63. Nd5 Kc4 64. Nf4 1-0

[Event "TCh-TUR Super League 2014"]
[Site "Kocaeli TUR"]
[Date "2014.08.25"]
[Round "8.4"]
[Board "5"]
[White "Dogan, Nazmi Can"]
[Black "Tuncer, Ufuk"]
[Result "1-0"]
[BlackTitle "FM"]
[WhiteElo "2135"]
[BlackElo "2341"]
[WhiteTeam "Akdeniz Belediyesi Spor Kulubu"]
[BlackTeam "Ankara Demirspor Kulubu"]
[WhiteFideId "6309658"]
[BlackFideId "6300847"]
[EventDate "2014.08.18"]

1. Nf3 Nf6 2. c4 g6 3. Nc3 Bg7 4. e4 d6 5. d4 O-O 6. Be2 e5 7. O-O Nc6 8. d5 Ne7
9. Kh1 Nd7 10. Be3 h6 11. Qd2 Kh7 12. g4 Ng8 13. Rg1 Ndf6 14. Ne1 Ne8 15. Nd3
Qh4 16. Rg3 f5 17. gxf5 gxf5 18. f4 Ngf6 19. Bf2 Bh8 20. Rg7+ Bxg7 21. Bxh4 Nxe4
22. Qe3 1-0

[Event "TCh-TUR Super League 2014"]
[Site "Kocaeli TUR"]
[Date "2014.08.25"]
[Round "8.4"]
[Board "6"]
[White "Gyokbulut, Julia"]
[Black "Yildiz, Betul Cemre"]
[Result "0-1"]
[WhiteTitle "WFM"]
[BlackTitle "WGM"]
[WhiteElo "2098"]
[BlackElo "2296"]
[WhiteTeam "Ankara Demirspor Kulubu"]
[BlackTeam "Akdeniz Belediyesi Spor Kulubu"]
[WhiteFideId "4153979"]
[BlackFideId "6302920"]
[EventDate "2014.08.18"]

1. d4 d5 2. c4 dxc4 3. e3 Nf6 4. Bxc4 a6 5. Nf3 b5 6. Bb3 Bb7 7. O-O e6 8. Qe2
Nbd7 9. Rd1 c5 10. dxc5 Qc7 11. Nc3 Bxc5 12. h3 O-O 13. a3 Rfd8 14. Bd2 Ne5 15.
Ne1 Qc6 16. Bc2 Nc4 17. Bc1 Be7 18. Na2 Rxd1 19. Qxd1 Rd8 20. Qe2 Ne4 21. Bxe4
Qxe4 22. Nc3 Qc6 23. e4 Bf6 24. f3 Bd4+ 25. Kh1 Ba7 26. Bf4 g5 27. Bc1 Qc5 28.
Qf1 h6 29. f4 g4 30. hxg4 f5 31. gxf5 exf5 32. e5 Qe7 33. Nf3 Bxf3 34. Qe1 Bc6
35. b3 Rd3 36. Kh2 Qg7 37. g3 Qg4 38. bxc4 Qh5# 0-1

[Event "TCh-TUR Super League 2014"]
[Site "Kocaeli TUR"]
[Date "2014.08.25"]
[Round "8.4"]
[Board "7"]
[White "Koksal, Ege"]
[Black "Yuksel, Atilla Koksal"]
[Result "1/2-1/2"]
[WhiteTitle "CM"]
[BlackTitle "CM"]
[WhiteElo "2219"]
[BlackElo "2107"]
[WhiteTeam "Akdeniz Belediyesi Spor Kulubu"]
[BlackTeam "Ankara Demirspor Kulubu"]
[WhiteFideId "6317626"]
[BlackFideId "6306667"]
[EventDate "2014.08.18"]

1. c4 c6 2. Nc3 d5 3. d4 Nf6 4. Nf3 dxc4 5. a4 Bf5 6. Ne5 e6 7. f3 Nbd7 8. e4
Bg6 9. Nxc4 Be7 10. Be2 O-O 11. O-O c5 12. d5 exd5 13. Nxd5 Nxd5 14. Qxd5 Nb6
15. Qxd8 Rfxd8 16. Be3 f6 17. Rfd1 Nxc4 18. Bxc4+ Bf7 19. b3 b6 20. Kf2 Rxd1 21.
Rxd1 Rd8 22. Rxd8+ Bxd8 23. Ke2 Bxc4+ 24. bxc4 Bc7 25. g3 Kf7 26. Bf4 Bxf4 27.
gxf4 g6 28. Ke3 Ke6 29. h4 h5 30. Kd3 a5 31. Ke3 f5 32. e5 Kf7 1/2-1/2

[Event "TCh-TUR Super League 2014"]
[Site "Kocaeli TUR"]
[Date "2014.08.25"]
[Round "8.4"]
[Board "8"]
[White "Sasmazel, Burcu"]
[Black "Aslan, Cagla Yaren"]
[Result "0-1"]
[WhiteElo "1818"]
[BlackElo "1760"]
[WhiteTeam "Ankara Demirspor Kulubu"]
[BlackTeam "Akdeniz Belediyesi Spor Kulubu"]
[WhiteFideId "6319106"]
[BlackFideId "6324878"]
[EventDate "2014.08.18"]

1. e4 c5 2. Nf3 d6 3. d4 cxd4 4. Nxd4 Nf6 5. Nc3 g6 6. Be3 Bg7 7. Be2 O-O 8. f4
Nc6 9. Nb3 a6 10. a4 Na5 11. Nxa5 Qxa5 12. O-O Bd7 13. Ra3 Rac8 14. Rb3 Rxc3 15.
bxc3 Nxe4 16. Rxb7 Nxc3 17. Qd2 Nxe2+ 18. Qxe2 Qxa4 19. c4 Be6 20. Rc1 Bf6 21.
c5 Bd5 22. Rb6 Qe4 23. Qf2 Rc8 24. Rxa6 dxc5 25. Rxf6 exf6 26. Rxc5 Rb8 27. Rc1
Ra8 28. Bd4 Kg7 29. Re1 Qf5 30. Ra1 Rc8 31. Re1 Rc2 32. Bxf6+ Kf8 33. Be7+ Kg8
34. Re2 Rxe2 35. Qxe2 Qxf4 36. Qf2 Qc1+ 37. Qf1 Qe3+ 0-1

[Event "TCh-TUR Super League 2014"]
[Site "Kocaeli TUR"]
[Date "2014.08.25"]
[Round "8.4"]
[Board "9"]
[White "Altundal, Aram"]
[Black "Yaver, Faik Emre"]
[Result "0-1"]
[WhiteElo "1795"]
[BlackElo "1919"]
[WhiteTeam "Akdeniz Belediyesi Spor Kulubu"]
[BlackTeam "Ankara Demirspor Kulubu"]
[WhiteFideId "6353711"]
[BlackFideId "6329969"]
[EventDate "2014.08.18"]

1. e4 e5 2. Nf3 Nc6 3. Bc4 Bc5 4. c3 Nf6 5. d4 exd4 6. cxd4 Bb4+ 7. Nc3 Nxe4 8.
O-O Bxc3 9. d5 Ne5 10. bxc3 Nxc4 11. Qd4 O-O 12. Qxe4 Nd6 13. Qd3 Qf6 14. Bg5
Qf5 15. Qxf5 Nxf5 16. g4 Nh6 17. Bxh6 gxh6 18. Nd4 d6 19. f3 Bd7 20. Rfe1 Rfe8
21. Rab1 b6 22. c4 Kg7 23. Kf2 Kf6 24. Kg3 a6 25. f4 h5 26. g5+ Kg6 27. Kh4 h6
28. f5+ Bxf5 29. Rbc1 hxg5+ 30. Kg3 Bd7 31. h4 Rxe1 32. Rxe1 Re8 33. Rxe8 Bxe8
34. Nf3 gxh4+ 35. Kxh4 Kf5 36. Kxh5 Ke4 0-1